| 000 | 00879nam a2200253 i 4500 | ||
|---|---|---|---|
| 001 | 94755 | ||
| 003 | ES-MaACL | ||
| 005 | 20230906181540.0 | ||
| 007 | t| | ||
| 008 | 050517m19261929fr ||||1| fre d | ||
| 080 | _a821.124-13"01" | ||
| 100 | 1 |
_aLucano, Marco Anneo. _974517 |
|
| 245 | 1 | 3 |
_aLa guerre civile (La Pharsale) / _cLucain ; texte établi et traduit par A. Bourgery [et Max Ponchont]. |
| 260 |
_aParis : _bSocieté d'Education "Les Belles Lettres", _c1926-1929. |
||
| 300 |
_a2 v. ; _c21 cm. |
||
| 490 | 1 | _aCollection des universités de France | |
| 505 | 8 | _aContiene: 1. Livres I-V (XXVIII, 169 p.) - 2. Livres VI-X (225 p.) | |
| 546 | _aTexto en latín y francés. | ||
| 700 | 1 |
_aBourgery, A. _930988 |
|
| 700 | 1 |
_aPonchont, Max. _992967 |
|
| 830 | 1 |
_aCollection des universités de France _9180876 |
|
| 852 |
_aES-MaACL _jC-7848-49 |
||
| 999 |
_c94755 _d94755 |
||